01130nam a2200265 i 4500001000700000003000900007005001700016007000300033008004100036080001000077245019400087260006500281300002600346490006700372650002700439700003100466700003200497700003100529700004100560700002800601830006800629852002200697999001900719952012600738148078ES-MaACL20250815082421.0t|070214s1960 sp r ||||1| spa d a338.500aEnsayos sobre la teoría de los precios / cG.J. Stigler y K.E. Boulding, directores de la edición ; traducción del inglés por Josefina Culebras, José L. Barinaga y Gonzalo Platas. aMadrid : bAguilar, c1960 (eValencia : fTip. Artística) aXV, 526 p. ; c24 cm.1 aBiblioteca de ciencias sociales. Sección primera: economía 7aPrecios2embne91440811 aStigler, George J.91082191 aBoulding, Kenneth E.9309041 aCulebras, Josefina.9421291 aBarinaga Blanco, José Luis.9256521 aPlatas, Gonzalo.99259110aBiblioteca de ciencias sociales (Aguilar). pEconomía91817054 aES-MaACLjC-18264 c148078d148078 00104070aATENEOMbATENEOMcGaleríad2008-01-17eSCl0oC-18264p1154535r2023-02-23 00:00:00w2023-02-23yMONOGRAFIA